[Event "Mlada Boleslav Region-ch U20"]
[Site "Mlada Boleslav"]
[Date "2013.06.22"]
[Round "4"]
[White "Chaloupka, Karel"]
[Black "Harcuba, Adam"]
[Result "1-0"]
[WhiteElo "1326"]
[BlackElo "1100"]
[PlyCount "55"]
[EventDate "2013.06.22"]
[EventType "swiss"]
[EventRounds "7"]
[EventCountry "CZE"]
[SourceTitle "EXT 2015"]
[Source "ChessBase"]
[SourceDate "2014.11.20"]
[SourceVersion "1"]
[SourceVersionDate "2014.11.20"]
[SourceQuality "1"]

1. e4 e5 2. Nf3 Nc6 3. Bc4 Bc5 4. c3 Nf6 5. d4 exd4 6. cxd4 Bb6 7. e5 Qe7 8. 0-0 Ng4 9. h3 Ngxe5 10. Nxe5 Nxe5 11. dxe5 Qxe5 12. Re1 Be3 13. Rxe3 Qxe3 14. Bxe3 0-0 15. Nc3 d6 16. Nd5 b5 17. Nxc7 Rb8 18. Nxb5 Ba6 19. a4 Rfc8 20. Qd5 Rb7 21. Nxd6 Bxc4 22. Nxc4 Rbc7 23. Ne5 g6 24. Bh6 Kh8 25. Nxf7+ Rxf7 26. Qxf7 Rg8 27. Qf6+ Rg7 28. Qxg7# 1-0

[Event "Mlada Boleslav Region-ch U20"]
[Site "Mlada Boleslav"]
[Date "2013.06.22"]
[Round "2"]
[White "Chaloupka, Karel"]
[Black "Kovarik, Vojtech"]
[Result "0-1"]
[WhiteElo "1326"]
[BlackElo "1100"]
[PlyCount "66"]
[EventDate "2013.06.22"]
[EventType "swiss"]
[EventRounds "7"]
[EventCountry "CZE"]
[SourceTitle "EXT 2015"]
[Source "ChessBase"]
[SourceDate "2014.11.20"]
[SourceVersion "1"]
[SourceVersionDate "2014.11.20"]
[SourceQuality "1"]

1. e4 e5 2. Nf3 Nc6 3. Bc4 Bc5 4. c3 Nf6 5. d4 exd4 6. cxd4 Bb6 7. e5 Qe7 8. 0-0 Ng4 9. h3 Nh6 10. Bxh6 gxh6 11. Nc3 d6 12. Nd5 Qd8 13. Nf6+ Kf8 14. Qd2 Kg7 15. Nh5+ Kg6 16. Nf6 dxe5 17. dxe5 Qxd2 18. Nxd2 Nxe5 19. Nfe4 Rg8 20. Bb3 Bd7 21. Kh2 Rae8 22. Bc2 Bf5 23. f4 Nc6 24. g4 Bxe4 25. Nxe4 Kg7 26. Ng3 Nd4 27. Nh5+ Kh8 28. Bb1 Re2+ 29. Kh1 Rge8 30. Bd3 Rd2 31. Bxh7 Ree2 32. Rfe1 Rh2+ 33. Kg1 Nf3+ 0-1

[Event "Mlada Boleslav Region-ch U20"]
[Site "Mlada Boleslav"]
[Date "2012.06.23"]
[Round "3"]
[White "Pastrnek, Michal"]
[Black "Chaloupka, Karel"]
[Result "1/2-1/2"]
[WhiteElo "1491"]
[BlackElo "1250"]
[PlyCount "82"]
[EventDate "2012.06.23"]
[EventType "swiss"]
[EventRounds "7"]
[EventCountry "CZE"]
[SourceTitle "EXT 2014"]
[Source "ChessBase"]
[SourceDate "2013.11.20"]
[SourceVersion "1"]
[SourceVersionDate "2013.11.20"]
[SourceQuality "1"]

1. e4 c5 2. Nf3 Nc6 3. d4 cxd4 4. Nxd4 e5 5. Nb3 Nf6 6. Nc3 Bb4 7. Bd3 0-0 8. Bd2 d6 9. 0-0 h6 10. a3 Bxc3 11. Bxc3 Be6 12. Qe2 Qc7 13. Bc4 Bxc4 14. Qxc4 Rac8 15. Qe2 Ne7 16. Rac1 Qc4 17. Qxc4 Rxc4 18. f3 d5 19. exd5 Nfxd5 20. Bxe5 f6 21. Bd6 Rd8 22. Bxe7 Nxe7 23. c3 Nc6 24. Rcd1 Rxd1 25. Rxd1 Ne5 26. Rd4 Rc8 27. Nc1 Nc6 28. Rd7 b6 29. Nd3 a5 30. Rb7 Rb8 31. Rxb8+ Nxb8 32. Kf2 Kf7 33. Ke3 Ke6 34. Kd4 Kd6 35. Kc4 Kc6 36. b4 axb4 37. cxb4 Nd7 38. a4 g6 39. g3 h5 40. h4 g5 41. hxg5 fxg5 1/2-1/2